LEADER 01278nam a2200289 a 4500 001 000000142191 003 CaOOAMICUS 005 20150310114711.0 008 150310s1965 it af u000 u ita r 040 $aPUL$bita 041 1 $aita$hfre 100 1 $aBraudel, Fernand,$d1902-1985.$0(OLS)http://pul/name/31374 240 10$aMéditerranée et le monde méditerranée$lItaliano.$0(OLS)http://pul/title/156824 245 10$aCiviltà e imperi del Mediterraneo nell'età di Filippo II /$cFernand Braudel. 260 $aTorino :$bEinaudi$g1965 300 $aXXXVI, 1558 p., [17] c. di tav. :$bill. ;$c21 cm 490 1 $aBiblioteca di cultura storica ;$v48 504 $aInclude riferimenti bibliografici ed indice. 651 4$aMediterraneo$xCiviltà.$0(OLS)http://pul/subject/10120 830 0$aBiblioteca di cultura storica (Einaudi) ;$v48.$0(OLS)http://pul/title/1254 850 $aPUL 852 $aPUL$W1$xDP1 Fondo Capitani$y116$m10 C 86$j164113$qFondi$B164203$CPULBib$Z2$F164203 $HCAp1244 $82 941 1 $a1 961 $aData scritta: 26/VI/1966. 996 $6245$aCiviltà e imperi del Mediterraneo nell'età di Filippo II$9(OLS)http://pul/title/156825 996 $6260$aTorino :$bEinaudi$9(OLS)http://pul/publisher/48130 LEADER 01316nam a2200325 u 4500 001 000000080500 003 CaOOAMICUS 005 20070226123644.0 008 041210s2004 it u000 u ita u 020 $a883431008X 035 $a11018531 040 $aPUL$bita 100 1 $aTaylor, Charles,$d1931-$0(OLS)http://pul/name/53594 245 10$aEtica e umanità /$cCharles Taylor ; a cura di Paolo Costa. 260 $aMilano :$bV&P Università,$c2004. 300 $axxxii, 332 p. ;$c22 cm 490 1 $aFilosofia morale ;$v21 500 $aIndice : p. [329]-332. 504 $aComprende bibliografia. 650 4$aEtica.$0(OLS)http://pul/subject/547 650 4$aAntropologia filosofica.$0(OLS)http://pul/subject/676 700 1 $aCosta, Paolo,$d1966-$0(OLS)http://pul/name/53652 830 0$aFilosofia morale (Vita e Pensiero) ;$v21.$0(OLS)http://pul/title/60297 850 $aPUL 852 $aPUL$W1$xDP1 Cons. Gen., Altre Classi 1$y22$m389 A 21$j102845$nBK-PRI$b $qStampati$B102845$CPULBib$Z2$F102845 $HPUL96603 $81 941 1 $a8 983 0$aV & P. Filosofia morale. 996 $6020$a883431008X$9(OLS)http://pul/number/106514 996 $6245$aEtica e umanità$9(OLS)http://pul/title/105426 996 $6260$aMilano :$bV&P Università$9(OLS)http://pul/publisher/69887